|
|
|
|
| LEADER |
000000am a2200000 a 4500 |
| 001 |
A1939 |
| 005 |
20230308174619.0 |
| 008 |
996051|1985 ||||||||r|||||||||||spa|| |
| 040 |
|
|
|b spa
|
| 041 |
0 |
|
|a Es
|
| 082 |
0 |
|
|a A1939
|
| 100 |
1 |
|
|a Ramírez Estrada, Alsino.
|d 1930-
|9 78463
|
| 245 |
1 |
1 |
|a La Perspectiva
|c Alsino Ramirez Estrada
|h imp
|
| 250 |
|
|
|a 2 da ed.
|
| 264 |
|
|
|a Guayaquil
|b Universidad de Guayaquil
|c 1985
|
| 300 |
|
|
|a 62 páginas:
|
| 520 |
3 |
|
|a Contiene cuentos
|
| 650 |
1 |
|
|a Perspectiva
|9 13808
|
| 852 |
|
|
|a UC-YANUNCAY
|c SALA 2 ARTES
|f Donación
|k esthela.duran
|l 1
|m General
|p 19960513
|q 0,20
|t A1939
|b 0
|d CDRY
|e CDRY
|g A1939 SALA 2 ARTES
|z 1996-60-51
|
| 942 |
|
|
|c BK
|
| 999 |
|
|
|c 47158
|d 47158
|